000
00362nam a2200133Ia 4500
008
151001s9999||||xx |||||||||||||| ||und||
100
_a
ज्ञाननाथजी
245
_a
योगी हरीनाथजी
250
_a
2
260
_b
संतकृपा प्रकाशन
260
_c
1985
300
_a
80
365
_b
18
999
_c
965092
_d
965089